[Event "Ghent Eastman op 41st"]
[Site "Ghent"]
[Date "2018.07.15"]
[Round "3"]
[White "Docx, Stefan"]
[Black "Lacrosse, Marc"]
[Result "1-0"]
[WhiteElo "2444"]
[BlackElo "2110"]
[PlyCount "43"]
[EventDate "2018.07.14"]
[EventType "swiss"]
[EventRounds "9"]
[EventCountry "BEL"]
[SourceTitle "CBM 185 Extra"]
[Source "ChessBase"]
[SourceDate "2018.07.29"]
[SourceVersion "1"]
[SourceVersionDate "2018.07.29"]
[SourceQuality "1"]

1. c4 e6 2. Nc3 d5 3. d4 Nf6 4. Nf3 Nbd7 5. Bg5 c6 6. e3 Qa5 7. cxd5 Nxd5 8. Qd2 N7b6 9. Bd3 Nxc3 10. bxc3 Na4 11. 0-0 Qxc3 12. Qe2 Qb2 13. Bc2 Nc3 14. Qd3 Nd5 15. Bb3 Qc3 16. Qd1 h6 17. Bh4 Ba3 18. Ne5 Nf6 19. Nc4 Qb4 20. Qf3 Qe7 21. e4 g5 22. Bg3 1-0

[Event "Gibraltar Masters 16th"]
[Site "Caleta"]
[Date "2018.01.29"]
[Round "7"]
[White "Pein, Jonathan"]
[Black "Docx, Stefan"]
[Result "1/2-1/2"]
[WhiteElo "2153"]
[BlackElo "2442"]
[PlyCount "71"]
[EventDate "2018.01.23"]
[EventType "swiss"]
[EventRounds "10"]
[EventCountry "GGB"]
[SourceTitle "CBM 183"]
[Source "ChessBase"]
[SourceDate "2018.03.14"]
[SourceVersion "1"]
[SourceVersionDate "2018.03.14"]
[SourceQuality "1"]

1. e4 e5 2. Nf3 Nc6 3. Bb5 a6 4. Ba4 Nf6 5. 0-0 b5 6. Bb3 Bb7 7. d3 Be7 8. Nc3 0-0 9. Nd5 Na5 10. Nxe7+ Qxe7 11. Nh4 Nxb3 12. Nf5 Qe6 13. axb3 d5 14. f3 Ne8 15. Be3 d4 16. Bd2 Nd6 17. Nxd6 Qxd6 18. Qe2 c5 19. f4 f5 20. exf5 Rae8 21. fxe5 Rxe5 22. Qg4 Qc6 23. Rae1 h5 24. Qg5 Rexf5 25. Rxf5 Rxf5 26. Re8+ Qxe8 27. Qxf5 Qe2 28. Qf2 Qd1+ 29. Qe1 Qg4 30. Qf2 Qg6 31. Bf4 Bc8 32. Qg3 Qxg3 33. Bxg3 Bg4 34. Bd6 Bd1 35. Bxc5 Bxc2 36. b4 1/2-1/2